Statistics for Countries that have ever Won a Winter Olympics Medal

Click here to take the quiz!

General Stats

  • This quiz has been taken 415 times
  • The average score is 35 of 41

Answer Stats

Medals Country % Correct
281United States
99%
329Norway
98%
144Sweden
96%
53China
96%
45Japan
96%
170Canada
96%
377Germany
96%
114Italy
94%
124Russia
94%
161Finland
94%
218Austria
92%
2Spain
91%
109France
91%
110Netherlands
90%
217USSR
90%
53South Korea
90%
20Poland
89%
138Switzerland
89%
1Denmark
89%
5Belgium
88%
12Australia
88%
7Ukraine
87%
5Slovakia
86%
24Czech Republic
85%
7Estonia
83%
15Slovenia
83%
7Latvia
82%
15Belarus
81%
1Romania
81%
6Hungary
81%
11Croatia
79%
4Yugoslavia
79%
6Bulgaria
76%
1New Zealand
76%
7Kazakhstan
72%
25Czechoslovakia
71%
2Luxembourg
70%
2North Korea
68%
26Great Britain
68%
9Liechtenstein
64%
1Uzbekistan
47%

Score Distribution

Percentile by Number Answered

Percent of People with Each Score

Your Score History

You have not taken this quiz